[Event "Tatran Cup"]
[Site "Stary Smokovec"]
[Date "1986.??.??"]
[Round "?"]
[White "Tibensky, Robert"]
[Black "Gazik, Igor"]
[Result "1/2-1/2"]
[WhiteElo "2380"]
[BlackElo "2415"]

1.d4 g6 2.e4 Bg7 3.Nc3 c5 4.d5 d6 5.Nf3 Nf6 6.Bb5+ Bd7 7.a4 Na6 8.O-O Nc7
9.Be2 O-O 10.h3 a6 11.Bf4 b5 12.Nd2 b4 13.Ncb1 Nfxd5 14.exd5 Nxd5 15.Bg3 Bxb2
16.Ra2 Nc3 17.Nxc3 Bxc3 18.Ne4 Bd4 19.Bf4 Be6 20.Ra1 f6 21.Be3 Bxa1 22.Qxa1 Kg7
23.g4 Qc7 24.g5 Bd5 25.gxf6+ exf6 26.Ng3 Qd7 27.Rd1 Bb7 28.Kh2 Qe7 29.c4 bxc3
30.Qxc3 Rad8 31.Qc4 Qe5 32.Bf4 Qe7 33.Rd3 d5 34.Qc1 Kh8 35.Re3 Qd7 36.Qxc5 d4
37.Re7 Qc6 38.Qxc6 Bxc6 39.Bh6 Rg8 40.Bc4 Bd5 41.Bxa6 Rge8 42.Bg7+ Kg8 43.Bxf6 Rxe7
44.Bxe7 Rd7 45.Bc5 Bc6 46.Bd3 Bxa4 47.Ne2 Bb3 48.Bxd4 Rd5 49.Be4 Rg5 50.Ng3 Ra5
51.h4 Bd5 52.Bxd5+ Rxd5 53.Be3 Kf7 54.Ne4 h5 55.Kg3 Ke6 56.Nc3 Rd3 57.Ne2 Kf5
58.Kf3 Ra3 59.Ng3+ Ke5 60.Ne4 Kf5 61.Ng3+ Ke5 62.Kg2 Ra2 63.Kh3 Ra3 64.Bc1 Rb3
65.Kg2 Rb1 66.Bd2 Rd1 67.Be3 Ra1 68.f4+ Ke6 69.f5+ gxf5 70.Nxh5 Ke5 71.Kf3 Rf1+
72.Kg2 Ra1 73.Bf4+ Ke4 74.Bg3 Ra2+ 75.Kh3 Kf3 76.Nf4 Ke4 77.h5 Ke5 78.h6 Kf6
79.Kh4 Ra1 80.Kh5 Rh1+ 81.Bh4+ Kf7 82.Ng6 Kg8 83.Ne7+ Kh7 84.Nxf5 Rh2 85.Kg5 Rg2+
86.Bg3 Rg1 87.Kh5 Rf1  1/2-1/2

[Event "Bundesliga 8687"]
[Site "Germany"]
[Date "1987.??.??"]
[Round "?"]
[White "Weidemann, Joerg"]
[Black "Kunsztowicz, Uwe"]
[Result "1-0"]
[WhiteElo "2265"]
[BlackElo "2325"]

1.e4 g6 2.d4 Bg7 3.Nc3 c5 4.dxc5 Qa5 5.Bd2 Qxc5 6.Nd5 Na6 7.Nf3 Nf6 8.b4 Qd6
9.Bf4 Qe6 10.Ng5 Qc6 11.b5 Qc5 12.Be3 Qd6 13.Bc4 Nxd5 14.Bxd5 e6 15.bxa6 exd5
16.Rb1 Qxa6 17.Qxd5 Bc3+ 18.Bd2 Bxd2+ 19.Qxd2 O-O 20.Rb3 b6 21.Nxh7 Rd8 22.Nf6+ Kg7
23.Qd4 Qa5+ 24.Kd1 d6 25.Nd7+ Kg8 26.Rh3  1-0

[Event "Granma zt"]
[Site "Granma"]
[Date "1987.??.??"]
[Round "?"]
[White "Russek, Guil"]
[Black "Zapata, Alonso"]
[Result "1/2-1/2"]
[WhiteElo "2280"]
[BlackElo "2505"]

1.e4 g6 2.d4 Bg7 3.Nc3 c5 4.Be3 Qa5 5.Qd2 cxd4 6.Bxd4 Nf6 7.Bxf6 Bxf6 8.Nd5 Qxd2+
9.Kxd2 Kd8 10.Nxf6 exf6 11.Bc4 Re8 12.f3 Re7 13.Ne2 d6 14.Rad1 Be6 15.Bb3 Nd7
16.Kc1 Kc7 17.Nc3 a6 18.Rd4 Rd8 19.Rhd1 Nb6 20.f4 f5 21.a4 fxe4 22.Rxe4 Rde8
23.Rde1 Nc8 24.Bc4 Kd8 25.Rd1 Bg4 26.Rde1 Be6 27.Rd1 Bd7 28.Red4 Bc6 29.Bd5 f5
30.a5 Re1 31.Kd2 Rxd1+ 32.Kxd1 Kd7 33.g3 Ne7 34.Bf7 Rc8 35.Kd2 h6 36.b4 Bg2
37.Na4 Kc7 38.Nb6 Rf8 39.Bd5 Bxd5 40.Nxd5+ Nxd5 41.Rxd5 Kc6  1/2-1/2

[Event "Wch Girls U20"]
[Site "Adelaide"]
[Date "1988.??.??"]
[Round "?"]
[White "Bojkovic, Natasa"]
[Black "Hepworth, Mandy"]
[Result "1-0"]
[WhiteElo "2220"]
[BlackElo "2125"]

1.e4 g6 2.d4 Bg7 3.Nc3 c5 4.Nf3 cxd4 5.Nxd4 Nc6 6.Be3 Nf6 7.Bc4 d6 8.f3 Qb6
9.Bb5 Qc7 10.Qd2 a6 11.Ba4 b5 12.Bb3 Bb7 13.Nxc6 Bxc6 14.Bh6 Bxh6 15.Qxh6 b4
16.Ne2 d5 17.exd5 Bxd5 18.Ba4+ Bc6 19.Qf4 Qb7 20.Bxc6+ Qxc6 21.Qxb4 Qxc2
22.Rc1 Qf5 23.Qa4+ Kf8 24.Qf4 Qxf4 25.Nxf4 Kg7 26.Ke2 Rhb8 27.Rc2 Rb5 28.Rd1 Rab8
29.b3 g5 30.Nd3 Nd5 31.g3  1-0

[Event "Berlin op"]
[Site "Berlin-West"]
[Date "1988.??.??"]
[Round "2"]
[White "Musil, Vojko"]
[Black "Horvath, Gyula"]
[Result "0-1"]
[WhiteElo "2380"]
[BlackElo "2445"]

1.e4 g6 2.d4 Bg7 3.Nc3 c5 4.Nf3 cxd4 5.Nxd4 d6 6.g3 Nc6 7.Nde2 Bg4 8.Bg2 Nd4
9.Qd3 Nxe2 10.Nxe2 Rc8 11.O-O Nf6 12.Nf4 Qc7 13.c3 O-O 14.h3 Bd7 15.Re1 e6
16.Be3 Rfd8 17.Rad1 Qa5 18.Qb1 Be8 19.Rd2 b5 20.Red1 Qc7 21.Kh2 h5 22.Ne2 Nh7
23.Qc2 a6 24.Qb3 Bf8 25.Nd4 h4 26.gxh4 d5+ 27.Kg1 dxe4 28.Bxe4 Qe5 29.Bg2 Be7
30.Nf3 Qh5 31.Rxd8 Bxd8 32.Qb4 Bc6 33.Qg4 Nf6 34.Qxh5 Nxh5 35.Ne5 Bxg2 36.Kxg2 Nf6
37.Rxd8+ Rxd8 38.Bg5 Kg7 39.Ng4 Nxg4 40.Bxd8 Ne5 41.b3 Nc6 42.Bg5 e5 43.Kf3 f5
44.Be3 Kf7 45.Ke2 Ke6 46.c4 bxc4 47.bxc4 f4 48.Bb6 e4 49.Bc7 Ne5 50.c5 Kd5
51.Bd6 Nd3 52.a3 Ne5 53.a4 Nd3 54.a5 Ne5 55.Bc7 Kd4 56.f3 Nxf3 57.Bxf4 Kxc5
58.Ke3 Kd5 59.Bg3 Nd4 60.Bf2 Ne6 61.Bg3 Ng7 62.Bf2 Ne6 63.Bg3 Nd4 64.Bf2 Ne6
65.Bg3 Nc5 66.Be1 Ke5 67.Bg3+ Kf5 68.Bc7 Ne6 69.Bg3 Nd8 70.Be1 Nc6  0-1

[Event "US op"]
[Site "Boston"]
[Date "1988.??.??"]
[Round "?"]
[White "Shipman, Walter"]
[Black "Fang, Joseph"]
[Result "1-0"]
[WhiteElo "2350"]
[BlackElo "2295"]

1.e4 g6 2.d4 Bg7 3.Nc3 c5 4.Be3 Qa5 5.Ne2 Nf6 6.Qd2 Ng4 7.Nd5 Qxd2+ 8.Bxd2 Na6
9.Nef4 e6 10.Bxa6 exd5 11.Be2 Nf6 12.e5 Ne4 13.Nxd5 O-O 14.c3 d6 15.dxc5 Nxd2
16.Kxd2 dxe5 17.Bc4 Be6 18.Ke2 Rfe8 19.Rhd1 Kf8 20.Ne3 Rac8 21.Bxe6 Rxe6
22.Rd7 Re7 23.Rxe7 Kxe7 24.b4 e4 25.Rd1 Be5 26.c4 f5 27.g3 Ke6 28.Nc2 b6
29.cxb6 axb6 30.Ne3 Ra8 31.Rd2 Bc3 32.Nd5 Ra3 33.Rc2 Bd4 34.Nc7+ Ke5 35.Nb5 Ra4
36.Nxd4 Kxd4 37.c5 bxc5 38.bxc5 Ra7 39.c6 Rc7 40.a4 Kd5 41.Ke3 g5 42.a5 Kd6
43.Kd4 h6 44.a6 h5 45.a7 Rxa7 46.c7 Rxc7 47.Rxc7 Kxc7 48.Ke5 f4 49.gxf4 gxf4
50.Kxe4 f3 51.Kxf3  1-0

[Event "Caorle op"]
[Site "Caorle"]
[Date "1988.??.??"]
[Round "3"]
[White "Romano, Tito"]
[Black "Verrascina, Nicola"]
[Result "1-0"]
[WhiteElo "1930"]
[BlackElo "1970"]

1.e4 g6 2.d4 Bg7 3.Nc3 Nc6 4.Nf3 d6 5.d5 Nb8 6.Bb5+ c6 7.Ba4 Nf6 8.dxc6 Nxc6
9.e5 Ng4 10.exd6 O-O 11.O-O exd6 12.Bg5 f6 13.Bb3+ Kh8 14.Bh4 Nge5 15.Nd2 g5
16.Bg3 f5 17.f4 Ng4 18.Nc4 Bd4+ 19.Kh1 d5 20.Nxd5 Qxd5 21.c3 Qd8 22.cxd4 Nxd4
23.h3 Nxb3 24.Qxb3 gxf4 25.Bxf4 Qh4 26.Ne5 Qh5 27.Nxg4  1-0

[Event "Hamburg-ch"]
[Site "Hamburg"]
[Date "1988.??.??"]
[Round "?"]
[White "Meier, Volker"]
[Black "Kunsztowicz, Uwe"]
[Result "0-1"]
[WhiteElo "2295"]
[BlackElo "2305"]

1.e4 g6 2.d4 Bg7 3.Nc3 c5 4.d5 d6 5.g3 Nf6 6.Bg2 O-O 7.Nge2 Nbd7 8.O-O Rb8
9.a4 b6 10.Bg5 a6 11.Qd2 Re8 12.Bh6 Bh8 13.h3 b5 14.axb5 axb5 15.g4 b4 16.Nd1 c4
17.Ng3 Nc5 18.g5 Nfd7 19.f4 Qb6 20.Kh1 Ba6 21.Rf3 c3 22.bxc3 bxc3 23.Qf2 Qb4
24.Ne3 Bd4 25.Rd1 Qa4 26.e5 dxe5 27.f5 e4 28.Rf4 Nd3 29.cxd3 Bxe3 30.Qxe3 Qxd1+
31.Bf1 Rb2 32.fxg6 hxg6 33.Qd4 f6 34.Qxe4 Ne5 35.gxf6 exf6 36.Rxf6 Bxd3 37.Qf4 Qd2
38.Rf8+ Kh7 39.Rh8+ Rxh8  0-1

[Event "BKL-Turnier"]
[Site "Leipzig"]
[Date "1988.??.??"]
[Round "?"]
[White "Perenyi, Bela"]
[Black "Paehtz, Thomas Sr"]
[Result "0-1"]
[WhiteElo "2370"]
[BlackElo "2500"]

1.e4 g6 2.d4 Bg7 3.Nc3 a6 4.Be3 b5 5.Qd2 Bb7 6.f3 d6 7.a4 c6 8.Bd3 Nd7 9.Nge2 Ngf6
10.O-O O-O 11.Nd1 e5 12.c3 d5 13.Nf2 Re8 14.Bg5 Qc7 15.Bc2 c5 16.dxc5 Qxc5
17.Kh1 Nb6 18.a5 Nc4 19.Qc1 Rac8 20.exd5 Nxd5 21.Ne4 Qc7 22.b4 f6 23.Bh6 Bxh6
24.Qxh6 Qg7 25.Qh4 g5 26.Qh5 Nde3 27.Rfc1 Bxe4 28.fxe4 Qg6 29.Qf3 g4 30.Qf2 Red8
31.Bb3 Qxe4 32.Ng3 Qf4 33.Qe2 Kh8 34.Bxc4 Rxc4 35.Nh5 Qh6 36.Nxf6 Rf8 37.Nh5 g3
38.Nxg3 Rh4 39.h3 Rg8 40.Qf2 Nxg2 41.Kxg2 Rxh3 42.Rh1 Rhxg3+ 43.Qxg3 Qd2+
44.Kh3 Rxg3+ 45.Kxg3 Qxc3+ 46.Kg4 Qxb4+ 47.Kf5 Qf4+ 48.Ke6 e4 49.Kd5 e3 50.Kc6 b4
51.Kb7 Qc4 52.Rhc1 Qb5+ 53.Ka7 e2 54.Rc7 b3 55.Rb7 Qd3 56.Rb8+ Kg7 57.Rg1+ Kf6
58.Rb6+ Kf5 59.Rh1 b2 60.Rh5+ Kg4 61.Rh1 Kg3 62.Rxb2 Qd1 63.Rb1 Qd3 64.Rb7 Qe3+
65.Kxa6 Qe6+ 66.Rb6 e1=Q 67.Rxe1 Qxe1 68.Rb5 h5 69.Kb7 Qe4+ 70.Kc7 h4 71.a6 h3
72.a7 Qa8 73.Rb3+ Kg4 74.Ra3 h2 75.Ra1 h1=Q 76.Rxh1 Qxa7+ 77.Kd6 Qb6+  0-1

[Event "Saint John op-1"]
[Site "Saint John"]
[Date "1988.??.??"]
[Round "?"]
[White "Rodriguez, Daniel Mauricio"]
[Black "Day, Lawrence A"]
[Result "1/2-1/2"]
[WhiteElo "2465"]
[BlackElo "2375"]

1.e4 g6 2.d4 Bg7 3.Nc3 c5 4.Nf3 Qa5 5.Bd2 cxd4 6.Nd5 Qd8 7.Bf4 d6 8.Bb5+ Kf8
9.Be2 Nc6 10.a3 a5 11.Bg3 h5 12.h3 e6 13.Nf4 h4 14.Bh2 a4 15.O-O Ra5 16.Nd2 Rg5
17.Nd3 Nf6 18.f4 Ra5 19.Bf3 d5 20.e5 Nh5 21.Bxh5 Rxh5 22.Nf3 Kg8 23.Kh1 b6
24.Nb4 Bd7 25.Bg1 Bf8 26.Nxc6 Bxc6 27.Bxd4 Bb5 28.Rf2 Bc5 29.Qd2 Ra8 30.Qe3 Rc8
31.Rd2 Ba6 32.Rc1 Rf5 33.Ng5 Rc6 34.Ne4 Qb8 35.Nf6+ Kg7 36.c3 Qh8 37.Re1 Bc4
38.Nd7 Bxd4 39.Qxd4 Bb3 40.Qe3 Qc8 41.Nf6 Rc4 42.Rd4 b5 43.Kh2 Qh8 44.Rf1 Rxd4
45.cxd4 Bc4 46.Rf3 Qh6 47.Ne8+ Kg8 48.Nd6 Rh5 49.Qd2 Qf8 50.Qa5 Qb8 51.Qa6 Kg7
52.Qc6 Qa7 53.Ne8+ Kf8 54.Nf6 Rh8 55.Nd7+ Kg7 56.Nc5 Qe7 57.Kg1 Rh5 58.Kf2 Qa7
59.Qd6 Rh8 60.Kg1 Rb8 61.Kh2 Re8 62.Qc6 Rb8 63.Qd6 Re8 64.Kh1 Kg8 65.Nd7 Kg7
66.f5 gxf5 67.Rxf5 Qa5 68.Rg5+ Kh6 69.Rg4 Qe1+ 70.Kh2 Be2 71.Nf6 Bxg4 72.Nxe8 Qg3+
73.Kh1  1/2-1/2

[Event "Stara Pazova"]
[Site "Stara Pazova"]
[Date "1988.??.??"]
[Round "10"]
[White "Doljanin, Tomislav"]
[Black "Velimirovic, Dragoljub"]
[Result "0-1"]
[WhiteElo "2255"]
[BlackElo "2540"]

1.d4 g6 2.e4 Bg7 3.Nc3 c5 4.d5 d6 5.Nf3 Nf6 6.a4 Na6 7.h3 Nc7 8.Bf4 a6 9.Qd2 O-O
10.Be2 b5 11.axb5 axb5 12.Rxa8 Nxa8 13.Bxb5 Qb6 14.Qe2 Nc7 15.O-O Nh5 16.Bg5 Bxc3
17.bxc3 Qxb5 18.c4 Qd7 19.e5 Ba6 20.g4 Ng7 21.Bh6 f6 22.e6 Qa4  0-1

[Event "DDR-ch 37th"]
[Site "Stralsund"]
[Date "1988.??.??"]
[Round "12"]
[White "Luther, Thomas"]
[Black "Paehtz, Thomas Sr"]
[Result "0-1"]
[WhiteElo "2410"]
[BlackElo "2500"]

1.e4 g6 2.d4 Bg7 3.Nc3 a6 4.f4 d6 5.Nf3 b5 6.Bd3 Bb7 7.a4 b4 8.Ne2 Nf6 9.Ng3 O-O
10.O-O e6 11.c4 Nbd7 12.b3 c5 13.Bb2 cxd4 14.Bxd4 Qc7 15.Qe2 e5 16.fxe5 dxe5
17.Bb2 Rfe8 18.Kh1 Nc5 19.Bc2 Nfd7 20.Rad1 a5 21.Qd2 Ra6 22.Rfe1 Qb8 23.Qf2 Qc7
24.Re2 Nf8 25.Ree1 Nfe6 26.Bc1 Nd4 27.Nxd4 exd4 28.Bb2 Ne6 29.Rd3 Rd8 30.Red1 Rad6
31.R3d2 d3 32.Bb1 Qc5 33.Qf1 Bxb2 34.Rxb2 Qe5 35.Rbd2 Nc5 36.Bxd3 Nxb3 37.Rf2 Nc5
38.Be2 Rxd1 39.Bxd1 Qa1 40.Be2 Qxf1+  0-1

[Event "URS Cup rapid"]
[Site "Tallinn"]
[Date "1988.??.??"]
[Round "10"]
[White "Sveshnikov, Evgeny"]
[Black "Kuzmin, Gennadi P"]
[Result "0-1"]
[WhiteElo "2450"]
[BlackElo "2475"]

1.e4 g6 2.d4 Bg7 3.Nc3 c5 4.dxc5 Qa5 5.Ne2 Nf6 6.Qd3 Na6 7.Be3 O-O 8.f3 Nxc5
9.Qb5 Qxb5 10.Nxb5 b6 11.O-O-O d6 12.Nc7 Rb8 13.Nc3 Bb7 14.N7d5 Nxd5 15.Nxd5 e6
16.Nb4 a5 17.Nd3 Na4 18.Kb1 Rbc8 19.Bc1 d5 20.exd5 Bxd5 21.Nf4 Bc6 22.Be2 Rfd8
23.Rxd8+ Rxd8 24.Rd1 Rxd1 25.Bxd1 Be5 26.c3 Nc5 27.h3 g5 28.Ne2 h6 29.Be3 f5
30.b4 axb4 31.cxb4 Nd3 32.Bb3 Kf7 33.Bxb6 Nxb4 34.Nd4 Bd5 35.Bxd5 Nxd5 36.Bc5 Nc3+
37.Kc2 Nd5 38.Ne2 Ke8 39.a4 Kd7 40.a5 Kc6 41.a6 Kxc5 42.a7 Nc7  0-1

[Event "SVK-ch"]
[Site "Trnava"]
[Date "1988.??.??"]
[Round "7"]
[White "Novak, Ivan"]
[Black "Gazik, Igor"]
[Result "1-0"]
[WhiteElo "2290"]
[BlackElo "2420"]

1.e4 g6 2.d4 Bg7 3.Nc3 c5 4.dxc5 Qa5 5.Bd2 Qxc5 6.Nd5 b6 7.Bb4 Qc6 8.Nf3 a6
9.Be2 e6 10.O-O f5 11.Nd4 Qb7 12.Bf3 Nc6 13.Nxc6 dxc6 14.Ne3 Ne7 15.exf5 O-O
16.Qd6 Ra7 17.Qxe7 Qxe7 18.Bxe7 Rxe7 19.fxg6 c5 20.gxh7+ Kxh7 21.c3 Kh8 22.Rad1 Be5
23.Nc4 Bf4 24.Rfe1 Rh7 25.Be4 Bxh2+ 26.Kf1 Rh6 27.Nxb6 Bg3 28.Bf3 Bb7 29.fxg3 Bxf3
30.gxf3 Rh2 31.Kg1 Rxb2 32.Nc4 Rc2 33.Rd3 Rxa2 34.Rxe6 Rb8 35.Red6 Rb3 36.Rd7 Rc2
37.Ne3 Rc1+ 38.Rd1 Rcxc3 39.Re7 Rxe3 40.Rd8+  1-0

[Event "Alicante op2"]
[Site "Alicante"]
[Date "1989.??.??"]
[Round "?"]
[White "Martin Gonzalez, Angel"]
[Black "Palacios de la Prida, Ernesto"]
[Result "1-0"]
[WhiteElo "2415"]
[BlackElo "2285"]

1.e4 g6 2.d4 Bg7 3.Nc3 d5 4.exd5 Nf6 5.Bc4 Nbd7 6.Bg5 Nb6 7.Bxf6 Bxf6 8.Bb3 a5
9.a3 a4 10.Ba2 O-O 11.Nge2 c6 12.dxc6 bxc6 13.O-O Ba6 14.Re1 Bg7 15.Qc1 Qc7
16.Qg5 e6 17.h4 Nd5 18.h5 Nxc3 19.Nxc3 Qd8 20.Qxd8 Rfxd8 21.hxg6 hxg6 22.Nxa4 Bxd4
23.Bb3 Rab8 24.Rad1 c5 25.c3 Rxb3 26.cxd4 cxd4 27.Nc5 Rb6 28.Re4 Bb7 29.Rexd4 Rxd4
30.Rxd4 Rxb2 31.Rd8+ Kg7 32.Rb8 Rb1+ 33.Kh2 Be4 34.Rxb1 Bxb1 35.a4 Ba2 36.a5 Kf6
37.Nd7+ Ke7 38.Nb6  1-0

[Event "Bayamo"]
[Site "Bayamo"]
[Date "1989.??.??"]
[Round "9"]
[White "Vilela, Jose Luis"]
[Black "Verduga, Denis Homero"]
[Result "1/2-1/2"]
[WhiteElo "2405"]
[BlackElo "2415"]

1.d4 g6 2.e4 Bg7 3.Nc3 c5 4.dxc5 Bxc3+ 5.bxc3 Qa5 6.Nf3 Nf6 7.Bd3 Qxc5 8.O-O d6
9.Be3 Qxc3 10.Bd4 Qa5 11.e5 dxe5 12.Nxe5 O-O 13.Re1 Be6 14.Qf3  1/2-1/2

[Event "Copenhagen op"]
[Site "Copenhagen"]
[Date "1989.??.??"]
[Round "1"]
[White "Christensen, Tobias"]
[Black "Hoi, Carsten"]
[Result "1/2-1/2"]
[WhiteElo "2310"]
[BlackElo "2460"]

1.e4 Nc6 2.Nc3 g6 3.d4 Bg7 4.Be3 d6 5.Qd2 e5 6.dxe5 Nxe5 7.f4 Nc6 8.Nf3 Nf6
9.h3 O-O 10.O-O-O Re8 11.Bd3 Bd7 12.Rhe1 Nb4  1/2-1/2

[Event "Eger op"]
[Site "Eger"]
[Date "1989.??.??"]
[Round "?"]
[White "Berthelot, Yannick"]
[Black "Kaposztas, Miklos"]
[Result "1/2-1/2"]
[WhiteElo "2355"]
[BlackElo "2260"]

1.e4 g6 2.d4 Bg7 3.Nc3 c5 4.dxc5 Qa5 5.Bd2 Qxc5 6.Nd5 Na6 7.Nf3 e6 8.Bc3 Bxc3+
9.Nxc3 Nc7 10.Qd2 e5 11.h4 h6 12.a4 Nf6 13.b3 Kf8 14.Bc4 Kg7 15.Rd1 Qa5 16.O-O Re8
17.Rfe1 a6 18.Nd5 Qxd2 19.Rxd2 Ncxd5 20.Bxd5 Rb8 21.Re3 b5 22.axb5 axb5 23.Ne1 Rb6
24.f3 b4 25.Bc4 Ba6 26.Bxa6 Rxa6 27.Nd3 Rd6 28.Re1 Rd4 29.Ra1 d5 30.exd5 Nxd5
31.Re2 e4 32.Rxe4 Rexe4 33.fxe4 Rxe4 34.g3 Ne3 35.Re1 f5 36.Nxb4 g5 37.hxg5 hxg5
38.c4 Kg6 39.Nd3 Kf6 40.c5 Ke6 41.Nf2 Re5 42.b4 Kd5 43.Nh3 g4 44.Nf4+ Kc6
45.Ng2 Nc4 46.Rxe5 Nxe5 47.Ne3 Nd3 48.Nc2 f4 49.Nd4+ Kb7 50.gxf4 Nxf4 51.Kh2 Nd5
52.b5 Nc7  1/2-1/2

[Event "Bundesliga 8889"]
[Site "Germany"]
[Date "1989.??.??"]
[Round "?"]
[White "Jansa, Vlastimil"]
[Black "Christiansen, Larry Mark"]
[Result "1/2-1/2"]
[WhiteElo "2515"]
[BlackElo "2530"]

1.e4 g6 2.d4 Bg7 3.Nc3 Nc6 4.Nf3 d6 5.d5 Ne5 6.Nxe5 Bxe5 7.Bd3 c6 8.O-O Bg7
9.Bf4 Nf6 10.Qd2 Qb6 11.dxc6 bxc6 12.e5 dxe5 13.Bxe5 O-O 14.Na4 Qd8 15.Rfe1 Bf5
16.Rad1 Bxd3 17.Qxd3 Qa5 18.b3 Rad8 19.Qe2 Nh5 20.Bxg7 Nxg7 21.Qe3 Ne6 22.c3 Qf5
23.h3 c5 24.Rxd8 Rxd8 25.Qe5 Rd1 26.Qb8+ Rd8 27.Qe5 Rd2 28.Qxf5 gxf5 29.Re5 c4
30.b4 Rxa2 31.Ra5 Kg7 32.Rxa7 Nf4 33.b5 Ne2+ 34.Kh2 Nxc3 35.b6 Nxa4 36.b7 Rb2
37.Rxa4 Rxb7 38.Rxc4 e5 39.Rc2 Rb4 40.Rc6 f6 41.g3 h5 42.h4 f4 43.Kg2 fxg3
44.Kxg3 Kg6 45.f3 Kf5 46.Ra6 Rb8 47.Rc6 Rg8+ 48.Kf2 Re8 49.Kg3 Re6 50.Rc8 Ra6
51.Rh8 Kg6 52.Rg8+ Kh7 53.Rb8 Kg7 54.Rb7+ Kg6 55.Rb8 Ra3 56.Kf2 Rd3 57.Rb6 Kf7
58.Ra6 Ke7 59.Rb6 Rd7 60.Ra6 Kf7 61.Kg3 Re7 62.Rb6 Re6 63.Rb7+ Kg6 64.Rb8 Ra6
65.Rg8+ Kf7 66.Rd8 Ra1 67.Rb8 Rg1+ 68.Kf2  1/2-1/2

[Event "Groningen op"]
[Site "Groningen"]
[Date "1989.??.??"]
[Round "5"]
[White "Howell, James C"]
[Black "Hoi, Carsten"]
[Result "1/2-1/2"]
[WhiteElo "2440"]
[BlackElo "2460"]

1.e4 Nc6 2.Nc3 g6 3.d4 Bg7 4.Be3 d6 5.f4 Nf6 6.Nf3 O-O 7.Be2 Bg4 8.e5 dxe5
9.fxe5 Nd5 10.Nxd5 Qxd5 11.O-O Rad8  1/2-1/2

[Event "EU-chT"]
[Site "Haifa"]
[Date "1989.??.??"]
[Round "6"]
[White "Yilmaz, Turham"]
[Black "Baudot, Denis"]
[Result "1-0"]
[WhiteElo "2325"]
[BlackElo "2290"]

1.e4 g6 2.d4 Bg7 3.Nc3 c5 4.Nf3 cxd4 5.Nxd4 Nc6 6.Be3 Nf6 7.Bc4 O-O 8.O-O a6
9.a4 Ng4 10.Qxg4 Bxd4 11.Bxd4 Nxd4 12.Qd1 Nc6 13.Kh1 d6 14.f4 Be6 15.Nd5 f6
16.Nb6 Bxc4 17.Nxc4 Kg7 18.a5 Rb8 19.Qd2 Qc7 20.b3 Rbd8 21.Nb6 e6 22.c4 Ne7
23.Rf3 Nc8 24.Na4 Rf7 25.Raf1 Qc6 26.Nc3 Rfd7 27.f5 exf5 28.exf5 g5 29.Ne2 d5
30.Nd4 dxc4 31.Nxc6 Rxd2 32.Nxd8 cxb3 33.Ne6+ Kf7 34.Rxb3 Nd6 35.Nd8+ Ke8
36.Nxb7 Nxf5 37.Rbf3  1-0

[Event "EU-chT"]
[Site "Haifa"]
[Date "1989.??.??"]
[Round "7"]
[White "Carton, Patrick"]
[Black "Baudot, Denis"]
[Result "1/2-1/2"]
[WhiteElo "2275"]
[BlackElo "2290"]

1.e4 g6 2.d4 Bg7 3.Nc3 c5 4.Nf3 cxd4 5.Nxd4 Nc6 6.Be3 Nf6 7.Bc4 Na5 8.Bb3 Nxb3
9.axb3 O-O 10.f3 d6 11.Qd2 Bd7 12.h4 h5 13.Bh6 Qb6 14.Bxg7 Kxg7 15.O-O-O a5
16.Nf5+ gxf5 17.Qg5+ Kh7 18.Nd5 Nxd5 19.Qxh5+ Kg7 20.Qg5+ Kh7 21.Rxd5 f6
22.Qh5+ Kg7 23.exf5 Qe3+ 24.Kb1 Rg8 25.Rd3 Qe5 26.Qg6+ Kf8 27.Qh6+ Kf7 28.Qh5+ Kg7
29.Qg6+ Kf8 30.Qh6+ Kf7  1/2-1/2

[Event "URS-ch sf"]
[Site "Moscow"]
[Date "1989.??.??"]
[Round "?"]
[White "Lanka, Zigurds"]
[Black "Zlochevskij, Alexander"]
[Result "0-1"]
[WhiteElo "2420"]
[BlackElo "2360"]

1.e4 g6 2.d4 Bg7 3.Nc3 a6 4.f4 b5 5.a3 d6 6.Be2 e6 7.Bf3 Bb7 8.Nh3 Ne7 9.f5 e5
10.d5 c6 11.Bg5 f6 12.dxc6 Nbxc6 13.Be3 Na5 14.O-O d5 15.Bc5 d4 16.Bxe7 Qxe7
17.Nd5 Qd6 18.Qe1 Nc4 19.Qg3 g5 20.Bh5+ Kd7 21.Bf7 h6 22.Be6+ Ke8 23.c3 Rd8
24.Rf2 Bxd5 25.Bxd5 Ne3 26.cxd4 exd4 27.Nf4 Bf8 28.Rc1 h5 29.Bc6+ Kf7 30.Ng6 Rh7
31.e5 fxe5 32.Qxg5 Ng4 33.Nxf8 Kxf8 34.Rff1 Qf6 35.Qd2 Ne3 36.Rf3 Rc7 37.Be4 Rdc8
38.Qb4+ Qe7 39.Rxc7 Rxc7 40.Qd2 Qc5 41.h3 Qc1+ 42.Qxc1 Rxc1+ 43.Kf2 h4 44.g4 hxg3+
45.Kxg3 Rg1+ 46.Kh4 Kf7 47.Rg3 Rxg3 48.Kxg3 Kf6 49.Kf3 Nc4 50.Bb7 Kxf5 51.Bc8+ Kg5
52.Ke4 Kf6 53.Bxa6 Nd6+ 54.Kd3 Kf5 55.a4 bxa4 56.Kd2 Kf4 57.Be2 e4 58.h4 Kg3
59.h5 Nf5 60.Bb5 Kf2 61.Bd3  0-1

[Event "New York op"]
[Site "New York"]
[Date "1989.??.??"]
[Round "2"]
[White "London, Dimitri"]
[Black "Christiansen, Larry Mark"]
[Result "1-0"]
[WhiteElo "2380"]
[BlackElo "2530"]

1.e4 g6 2.d4 Bg7 3.Nc3 Nc6 4.d5 Nd4 5.Be3 c5 6.Qd2 Nf6 7.f3 d6 8.Nge2 Nxe2
9.Bxe2 Qb6 10.O-O-O Bd7 11.Bh6 Bxh6 12.Qxh6 O-O-O 13.Kb1 Kb8 14.Rhe1 Rc8
15.f4 c4 16.e5 Ne8 17.Qh4 f6 18.Bf3 h5 19.exf6 exf6 20.Re7 Bf5 21.h3 Qd8
22.Rde1 Rc7 23.R7e3 Ng7 24.Qf2 h4 25.Qd2 Bc8 26.Bg4 f5 27.Bf3 a6 28.a3 Re8
29.Qd4 Rxe3 30.Qxe3 Qf6 31.Na4 b5 32.Nc3 Rb7 33.Ne2 Re7 34.Qb6+ Rb7 35.Qxa6 Ne8
36.Qa5 Nc7 37.Qd2 Na6 38.Nd4 Bd7 39.Nc6+ Bxc6 40.dxc6 Re7 41.Rxe7 Qxe7 42.Qa5 Ka7
43.Qxb5 c3 44.Be2 Nc5 45.b4 Ne6 46.Qa6+ Kb8 47.Qb6+ Ka8 48.Bc4  1-0

[Event "Ptuj"]
[Site "Ptuj"]
[Date "1989.??.??"]
[Round "9"]
[White "Rajkovic, Dusan"]
[Black "Danner, Georg"]
[Result "1/2-1/2"]
[WhiteElo "2500"]
[BlackElo "2400"]

1.d4 g6 2.e4 Bg7 3.Nc3 c5 4.d5 d6 5.Nf3 Nf6 6.Bb5+ Nbd7 7.a4 O-O 8.O-O a6
9.Be2 Rb8 10.Re1 Ne8 11.Bg5 Nc7 12.Qd2 b5 13.axb5 axb5 14.Bh6 b4 15.Nd1 Nf6  1/2-1/2

[Event "Sao Paulo"]
[Site "Sao Paulo"]
[Date "1989.??.??"]
[Round "?"]
[White "Milos, Gilberto"]
[Black "Correa, Aron A"]
[Result "1-0"]
[WhiteElo "2510"]
[BlackElo "2270"]

1.e4 g6 2.d4 Bg7 3.Nc3 a6 4.f4 b5 5.Nf3 b4 6.Na4 d6 7.Bd3 Nd7 8.a3 a5 9.O-O Ngf6
10.Qe1 O-O 11.Bd2 c5 12.dxc5 dxc5 13.e5 Ne8 14.Ng5 e6 15.Qe3 Qe7 16.Be1 Nc7
17.Qh3 h6 18.Ne4 f5 19.exf6 Nxf6 20.Bh4 c4 21.Bxc4 g5 22.fxg5 Nxe4 23.gxh6 Bd4+
24.Kh1 Nf6 25.Rad1 Be5 26.Qf5 Nd7  1-0

[Event "Sevilla op"]
[Site "Sevilla"]
[Date "1989.??.??"]
[Round "?"]
[White "Rodriguez Talavera, Juan Carlos"]
[Black "Palacios de la Prida, Ernesto"]
[Result "1/2-1/2"]
[WhiteElo "2395"]
[BlackElo "2285"]

1.e4 g6 2.d4 Bg7 3.Nc3 d5 4.exd5 Nf6 5.Bc4 O-O 6.Bg5 c6 7.Bxf6 Bxf6 8.Nge2 Bg7
9.Bb3 b6 10.Qd2 Bb7 11.dxc6 Nxc6 12.Rd1 Qd7 13.O-O Rad8 14.d5 Na5 15.Qf4 Nxb3
16.axb3 Qc8 17.Rd2 Rd6 18.Rfd1 Rfd8 19.Qe3 R8d7 20.Nf4 Bh6 21.Nce2 g5 22.Nh3 Rxd5
23.Rxd5 Rxd5 24.Rxd5 Bxd5 25.c4 Bb7 26.Qxe7 Qg4 27.Qxb7 Qxe2 28.g3 g4 29.Nf4 Bxf4
30.gxf4 Kg7 31.Qd5 f6 32.Qd4 Kg6 33.b4 Qe1+ 34.Kg2 Qxb4 35.Qe4+ Kg7 36.f5 Qxb2
37.Qxg4+  1/2-1/2

[Event "Sevilla op"]
[Site "Sevilla"]
[Date "1989.??.??"]
[Round "?"]
[White "Magem Badals, Jorge"]
[Black "Palacios de la Prida, Ernesto"]
[Result "1-0"]
[WhiteElo "2425"]
[BlackElo "2285"]

1.e4 g6 2.d4 Bg7 3.Nc3 d5 4.exd5 Nf6 5.Bc4 O-O 6.Nf3 Nbd7 7.O-O Nb6 8.Bb3 a5
9.a4 Nbxd5 10.Nxd5 Nxd5 11.h3 c6 12.Re1 Qc7 13.Bg5 Be6 14.Qd2 Rad8 15.Rad1 b5
16.c3 bxa4 17.Bxa4 Nb6 18.Bc2 a4 19.Bh6 Nc4 20.Qc1 Bd5 21.Bxg7 Kxg7 22.Bxa4 Bxf3
23.gxf3 Rb8 24.b4 Nb6 25.Bb3 Nd5 26.Re5 e6 27.Rde1 Qd8 28.Kh2 h6 29.R1e4 Rb7
30.Rg4 Rh8 31.Qd2 Qe7 32.Bc4 Rd8 33.h4 Nf6 34.Rg3 Nd7 35.Re4 Nf6 36.Re5 Nd7
37.Ra5 Nb6 38.Bb3 e5 39.h5 g5 40.Qe3 exd4 41.cxd4 Nd5 42.Bxd5 Qxe3 43.fxe3 cxd5
44.f4 f6 45.Kh3 Rdd7 46.b5 Rd6 47.Kg4 Rdb6 48.Kf5 Kf7 49.Rg1 Rxb5 50.Ra6 R5b6
51.Rga1 Ke7 52.Rxb6 Rxb6 53.Ra7+ Kd8 54.Kg6 Re6 55.Kxh6 Rxe3 56.fxg5 fxg5
57.Kg7  1-0

[Event "Badenweiler op"]
[Site "Badenweiler"]
[Date "1990.??.??"]
[Round "8"]
[White "Keitlinghaus, Ludger"]
[Black "Vatter, Hans Joachim"]
[Result "1-0"]
[WhiteElo "2405"]
[BlackElo "2320"]

1.e4 c5 2.Nc3 g6 3.d4 Bg7 4.d5 d6 5.Nf3 Nf6 6.Be2 O-O 7.O-O e6 8.dxe6 fxe6
9.e5 dxe5 10.Qxd8 Rxd8 11.Be3 Nd5 12.Bxc5 Nxc3 13.bxc3 b6 14.Rad1 Rd5 15.Be3 Ba6
16.c4 Rxd1 17.Rxd1 Nc6 18.Rd6 Na5 19.Nd2 Rc8 20.Bg4 Rc6 21.Rd8+ Kf7 22.Rd7+ Kf8
23.Bf3 Rc8 24.Rxa7 Bxc4 25.Bxb6 Nc6 26.Rc7 Rxc7 27.Bxc7 Bd5 28.c4 Bxf3 29.Nxf3 Ke7
30.a4 Kd7 31.Bb6 Nd4 32.Kf1 Kc6 33.Bxd4 exd4 34.Ke2 e5 35.Kd3 Bf6 36.Nd2 Bd8
37.Nb3 Bc7 38.f4 exf4 39.Nxd4+ Kb6 40.c5+  1-0

[Event "Belgrade-B"]
[Site "Belgrade"]
[Date "1990.??.??"]
[Round "4"]
[White "Marinkovic, Slavisa"]
[Black "Kostadinov, Rumen"]
[Result "1/2-1/2"]
[WhiteElo "2320"]
[BlackElo "2250"]

1.e4 g6 2.d4 Bg7 3.Nc3 a6 4.a4 d6 5.h3 e6 6.g3 b6 7.Bg2 Bb7 8.Nge2 Ne7 9.O-O O-O
10.Be3 Nd7 11.Qd2 Re8 12.Rad1 Qc8 13.Kh2 f5 14.Nf4 Nf6 15.e5 Bxg2 16.Kxg2 Nfd5
17.Ncxd5 Nxd5 18.Nxd5 Qb7 19.exd6 Qxd5+ 20.f3 cxd6 21.b3 b5 22.axb5 axb5
23.Rfe1 Ra2 24.Re2 Rc8 25.Qd3 Bf6 26.Bf2 Ra6 27.Rde1 e5 28.g4 fxg4 29.hxg4 exd4
30.Re6 Rf8 31.c4 bxc4 32.bxc4 Qa8 33.R6e4 Ra3 34.Qe2 Ra2 35.Qd3 d5 36.cxd5 Qxd5
37.R4e2 Ra7 38.Re4 Rb7 39.Rd1 Rb3 40.Qe2 d3 41.Qa2 Rb5 42.Qa3 Rd8 43.Rxd3 Qxd3
44.Re8+ Rxe8 45.Qxd3 Rb7 46.Qc4+ Rf7  1/2-1/2